[Event "The Houndstooth Chess Congress "]
[Site "SchemingMind.com"]
[Date "2007.04.22"]
[Round "-"]
[White "dumix"]
[Black "badbishop"]
[Result "0-1"]
[WhiteCountry "INT"]
[BlackCountry "POL"]
[WhiteElo "1989"]
[WhiteRD "81"]
[BlackElo "2199"]
[BlackRD "87"]
[GameID "102088"]

1. d4 Nf6 2. c4 g6 3. Nc3 Bg7 4. e4 d6 5. Nf3 O-O 6. Be2 Nbd7 7. O-O e5 8. Re1 c6 9. Bf1 a5 10. dxe5 dxe5
11. Na4 Qe7 12. Qc2 b6 13. c5 b5 14. Nb6 Nxb6 15. cxb6 Bb7 16. a4 Rfc8 17. Bd2 b4
0-1

[Event "The Houndstooth Chess Congress "]
[Site "SchemingMind.com"]
[Date "2007.04.27"]
[Round "-"]
[White "C. H. O'D. Schlechter"]
[Black "dumix"]
[Result "1-0"]
[WhiteCountry "USA"]
[BlackCountry "INT"]
[WhiteElo "2369"]
[WhiteRD "67"]
[BlackElo "2020"]
[BlackRD "79"]
[GameID "102089"]

1. e4 e6 2. d4 d5 3. Nc3 dxe4 4. Nxe4 Nd7 5. Nf3 Ngf6 6. Nxf6+ Nxf6 7. Bd3 c5 8. O-O cxd4 9. Nxd4 Bd6 10. Re1 O-O
11. Bg5 h6 12. Bh4 Bf4 13. Nf3 Qb6 14. Bxf6
1-0

[Event "The Houndstooth Chess Congress "]
[Site "SchemingMind.com"]
[Date "2007.04.23"]
[Round "-"]
[White "matein7"]
[Black "dumix"]
[Result "1-0"]
[WhiteCountry "USA"]
[BlackCountry "INT"]
[WhiteElo "2467"]
[WhiteRD "83"]
[BlackElo "2020"]
[BlackRD "79"]
[GameID "102090"]

1. e4 e5 2. Nf3 Nc6 3. Bb5 a6 4. Bxc6 dxc6 5. O-O Bg4 6. h3 h5 7. d3 Qf6 8. Nbd2 Ne7 9. Re1 Ng6 10. d4 Bd6
11. hxg4 hxg4 12. Nh2 Rxh2 13. Qxg4 Qh4 14. Qxh4 Rxh4 15. Nf3 Rh5 16. Be3 O-O-O 17. g3 exd4 18. Bxd4 f6 19. Kg2 c5= 20. Be3 Rdh8
21. Rh1 Rxh1 22. Rxh1 Rxh1 23. Kxh1 Kd7 24. Kg2 Ke6 25. Nd2 Ne5 26. f4 Ng4 27. Kf3 f5 28. Nf1
1-0

[Event "The Houndstooth Chess Congress "]
[Site "SchemingMind.com"]
[Date "2007.04.23"]
[Round "-"]
[White "MichaelDV"]
[Black "dumix"]
[Result "1-0"]
[WhiteCountry "SWE"]
[BlackCountry "INT"]
[WhiteElo "2351"]
[WhiteRD "70"]
[BlackElo "2020"]
[BlackRD "79"]
[GameID "102091"]

1. Nf3 d5 2. d4 Nf6 3. c4 e6 4. g3 Be7 5. Bg2 O-O 6. O-O dxc4 7. Qc2 a6 8. Qxc4 b5 9. Qc2 Bb7 10. Bd2 Be4
11. Qc1 Nbd7 12. Ba5 Rc8 13. Nbd2 Ba8 14. Qc2 Nb8 15. Nb3 Be4 16. Qc1 Nc6 17. Bd2 Bxf3 18. Bxf3 Nxd4 19. Nxd4 Qxd4 20. Be3 Qa4
21. Bb7
1-0

[Event "The Houndstooth Chess Congress "]
[Site "SchemingMind.com"]
[Date "2007.04.23"]
[Round "-"]
[White "Adunatos"]
[Black "dumix"]
[Result "1-0"]
[WhiteCountry "NED"]
[BlackCountry "INT"]
[WhiteElo "2281"]
[WhiteRD "58"]
[BlackElo "2020"]
[BlackRD "79"]
[GameID "102093"]

1. d4 Nf6 2. c4 c5 3. d5 e6 4. Nc3 exd5 5. cxd5 d6 6. e4 g6 7. f4 Bg7 8. Bb5+ Nfd7 9. a4 O-O 10. Nf3 f5
11. exf5 Re8+ 12. Ne2 gxf5 13. O-O
1-0

[Event "The Houndstooth Chess Congress "]
[Site "SchemingMind.com"]
[Date "2007.04.23"]
[Round "-"]
[White "badbishop"]
[Black "dumix"]
[Result "1-0"]
[WhiteCountry "POL"]
[BlackCountry "INT"]
[WhiteElo "2199"]
[WhiteRD "87"]
[BlackElo "1989"]
[BlackRD "81"]
[GameID "102094"]

1. d4 Nf6 2. c4 c5 3. d5 e6 4. Nc3 exd5 5. cxd5 d6 6. e4 g6 7. h3 Bg7 8. Nf3 O-O 9. Bd3 b5 10. Bxb5 Nxe4
11. Nxe4 Qa5+ 12. Nfd2 Qxb5 13. Nxd6 Qa6 14. N2c4 Nd7 15. O-O Nb6 16. Nxb6 Qxb6 17. Nxc8 Raxc8 18. Rb1 Qd6 19. Bg5 f6 20. Be3 f5
21. Qf3
1-0